Normal view
MARC view
Entry Topical Term
001 - CONTROL NUMBER
- control field: 28412
003 - CONTROL NUMBER IDENTIFIER
- control field: ARRUPE
005 - DATE AND TIME OF LATEST TRANSACTION
- control field: 20170118122721.0
008 - FIXED-LENGTH DATA ELEMENTS
- fixed length control field: 170118|| aca||aabn | a|a d
040 ## - CATALOGING SOURCE
- Original cataloging agency: ARRUPE
- Transcribing agency: ARRUPE
150 ## - HEADING--TOPICAL TERM
- Topical term or geographic name as entry element: Social indicators
- General subdivision: Mathematical models
- General subdivision: Moral and ethical aspects.
670 ## - SOURCE DATA FOUND
- Source citation: Work cat.: (ARRUPE)0: O'Neil, Cathy, author. 28409, Weapons of math destruction :, 2016